Racionalizace a normování práce
Gespeichert in:
| Format: | Buch |
|---|---|
| Sprache: | Tschechisch |
| Veröffentlicht: |
Trutnov
Dům kultury ROH
1987
|
| Tags: |
Keine Tags, Fügen Sie das erste Tag hinzu!
|
MARC
| LEADER | 00000nam a2200000 4500 | ||
|---|---|---|---|
| 001 | c111600 | ||
| 005 | 20041019155150.3 | ||
| 041 | 0 | |a cze | |
| 044 | |a CZ | ||
| 245 | 1 | 0 | |a Racionalizace a normování práce |
| 264 | 1 | |a Trutnov |b Dům kultury ROH |c 1987 | |
| 300 | |a 226 s. | ||